logo

Bir Sreshtho Munshi Abdur Rouf Library
Jhenaidah Cadet College

বুদ্ধজায়া / (Record no. 12630)

MARC details
000 -LEADER
fixed length control field 00830nam a2200241 a 4500
001 - CONTROL NUMBER
JCCL Control Number 12630
003 - CONTROL NUMBER IDENTIFIER
JCCL marc code BD-JhCC
005 - DATE AND TIME OF LATEST TRANSACTION
control field 20221022130618.0
008 - FIXED-LENGTH DATA ELEMENTS--GENERAL INFORMATION
fixed length control field 221022s2020 bg |||| |||| 000 0 ban d
020 ## - INTERNATIONAL STANDARD BOOK NUMBER
International Standard Book Number 9789845043809
035 ## - SYSTEM CONTROL NUMBER
system control number (BD-JhCC)12630
040 ## - CATALOGING SOURCE
Original cataloging agency BD-JhCC
Modifying agency BD-JhCC
041 ## - LANGUAGE CODE
Language code of Book Bangla
082 ## - DEWEY DECIMAL CLASSIFICATION NUMBER
Classification number 891.443
Author mark and Year BOR 2022
100 ## - MAIN ENTRY--PERSONAL NAME
Personal name বরা, গীতালি
245 ## - TITLE STATEMENT
Title বুদ্ধজায়া /
Statement of responsibility, etc গীতালি বরা; নন্দিতা ভট্টাচার্য্য (অনু.)
260 ## - PUBLICATION, DISTRIBUTION, ETC. (IMPRINT)
Place of publication, distribution, etc ঢাকা :
Name of publisher, distributor, etc মূর্ধন্য,
Date of publication, distribution, etc ২০২২
300 ## - PHYSICAL DESCRIPTION
Pagination ২৩৬ পৃ. :
Dimensions ২২ সেমি.
650 ## - SUBJECT ADDED ENTRY--TOPICAL TERM
Topical term or geographic name as entry element Yaśodharā (Wife of Gautama Buddha)
650 ## - SUBJECT ADDED ENTRY--TOPICAL TERM
Topical term or geographic name as entry element Novel
700 ## - ADDED ENTRY--PERSONAL NAME
Personal name ভট্টাচার্য্য, নন্দিতা
942 ## - ADDED ENTRY ELEMENTS (KOHA)
Source of classification or shelving scheme Dewey Decimal Classification
Koha item type Books
Holdings
Source of classification or shelving scheme Damaged status Not for loan Home library Current library Shelving location Date of accession Cost, normal purchase price Total Checkouts Full call number Barcode Date last seen Copy number Koha item type
Dewey Decimal Classification     JCC Rouf Library JCC Rouf Library General Stacks 10/22/2022 288.00   891.443 BOR 2022 17448 10/22/2022 C-1 Books

JCC Library | Contacts | JCC Home

Last Update on 23 September 2017
Copyright @ 2017-2020 JCC Rouf Library
Rouf Library, Jhenidah Cadet College (JCC), Bangladesh